| 000 | 01131cam a2200313Ia 4500 | ||
|---|---|---|---|
| 001 | 200429454 | ||
| 999 |
_c200429454 _d47378 |
||
| 003 | TR-AnTOB | ||
| 005 | 20260202105429.0 | ||
| 008 | 110527s1972 tu 00110 tur | ||
| 040 |
_aTR-AnTOB _beng _cTR-AnTOB _erda |
||
| 041 | 0 | _atur | |
| 050 | 4 |
_aDR592.K4 _bA2 1972 |
|
| 090 | 4 |
_aDR592.K4 _bA2 1972 |
|
| 100 | 1 |
_aAtatürk, Mustafa Kemal, _d1881-1938 _xAnniversaries, etc _932534 |
|
| 245 | 1 | 0 |
_aAtatürk ve büyük zafer : _bnutuk, beyanname, demeç ve telgraflar / _cAtatürk. |
| 264 |
_aAnkara : _bMilli Kütüphane, _c1972 |
||
| 300 |
_a112 pages. _c13 cm |
||
| 336 |
_2rdacontent _atext _btxt |
||
| 337 |
_2 rdamedia _aunmediated _bn |
||
| 338 |
_2rdacarrier _avolume _bnc |
||
| 490 | 0 |
_aMilli Kütüphane Atatürk Dokümantasyon Merkezi Yayınları ; _v1 |
|
| 500 | _a"Donated by Talat S. Halman." | ||
| 504 | _aIncludes index. | ||
| 600 | 1 | 0 |
_aAtatürk, Mustafa Kemal, _d1881-1938 _xAnniversaries, etc _932534 |
| 651 | 0 |
_aTürkiye _xTarih _yKurtuluş Savaşı, 1918-1923 _910811 |
|
| 651 | 0 |
_aTurkey _xHistory _yRevolution, 1918-1923 _941590 |
|
| 942 |
_2lcc _cBK |
||